LEADER 01283nam a2200265 u 4500 001 000000024983 003 CaOOAMICUS 005 20070226111419.0 008 990304m18821904gw u000 u lat u 035 $a10637453 040 $aPUL(R)$bita 130 0 $aCorpus iuris civilis.$0(OLS)http://pul/title/21481 245 10$aCorpus iuris civilis. 250 $aEditio stereotypa tertia. 260 $aBerolini :$bapud Weidmannos,$c1882-1904. 300 $a3 v. ;$c28 cm 505 0 $av. 1. Institutiones recognovit Paulus Krueger. Digesta recognovit Theodorus Mommsen. -- v. 2. Codex Iustinianus recognovit et retractavit Paulus Krueger. -- v. 3. Novellae recognovit Rudolfus Schoell: opus Schoelli morte interfectum absolvit Guilelmus Kroll. 700 1 $aKrüger, Paul,$d1840-1926.$0(OLS)http://pul/name/6126 700 1 $aSchöll, Rudolf,$d1844-1893.$0(OLS)http://pul/name/13975 700 1 $aMommsen, Theodor,$d1817-1903.$0(OLS)http://pul/name/4019 850 $aPUL 852 $aPUL$W1$xDP1 Antico 800$y27$m185 D 14$j34948$nBK-PRI$b $qStampati Antico$B34948$CPULBib$Z2$F34948 $H $81 941 1 $a15 996 $6245$aCorpus iuris civilis$9(OLS)http://pul/title/21481 996 $6260$aBerolini :$bapud Weidmannos$9(OLS)http://pul/publisher/48438 LEADER 01185nam a2200265 u 4500 001 000000049252 003 CaOOAMICUS 005 20070226115105.0 008 000623s1988 it u000 u ita u 035 $a10850815 040 $aPUL$bita 100 1 $aAlbertini, Stefano.$0(OLS)http://pul/name/35639 245 10$aDon Primo Mazzolari e il fascismo :$b1921-1943 /$cStefano Albertini ; presentazione di Giorgio Campanini. 260 $a[Messina] :$bFondazione "Don Primo Mazzolari",$c[1988] 300 $a120 p. ;$c22 cm 504 $aBibliografia: p. 115-119. 600 14$aMazzolari, Primo,$d1890-1959.$0(OLS)http://pul/subject/9408 650 4$aFascismo e Chiesa cattolica.$0(OLS)http://pul/subject/5350 700 1 $aCampanini, Giorgio,$d1930-$0(OLS)http://pul/name/113 850 $aPUL 852 $aPUL$W1$xDP1 Fondo Maccarrone$y58$m1514 F 39$j65475$nBK-PRI$b $qFondi$B65475$CPULBib$Z2$F65475 $H $81 941 1 $a1 961 $aINV: 3451.F.Maccarrone 996 $6245$aDon Primo Mazzolari e il fascismo :$b1921-1943$9(OLS)http://pul/title/66408 996 $6260$a[Messina] :$bFondazione "Don Primo Mazzolari"$9(OLS)http://pul/publisher/67277